Erkenne die Städte nach der Sehenswürdigkeit - Statistiken

Allgemein
  • Dieses Quiz wurde 218 mal gespielt
  • Das Durchschnittsergebnis liegt bei 5 aus 16
Antwortstatistiken
Bildquiz Antwort % Korrekt
Berlin
96%
Paris
79%
Singapur
57%
Tokio
51%
Jerusalem
49%
Kopenhagen
36%
Chicago
31%
Lissabon
28%
Wien
24%
Buenos Aires
23%
Mostar
17%
Danzig
15%
Granada
15%
Edinburgh
12%
Medina
6%
Wattens
4%
Keine übereinstimmenden Quizze gefunden
Verteilung der Resultate
Anzahl Personen mit jedem Resultat
Perzentil nach korrekt beantworteten Fragen
Ihre Resultats-Entwicklung
Sie haben dieses Quiz noch nicht gespielt